| 000 | 00651nam a2200229Ia 4500 | ||
|---|---|---|---|
| 008 | 220216s9999 xx 000 0 und d | ||
| 100 | _aSosof J C | ||
| 245 | 0 | _aEvaluation of some clones (Hevea brasiliensis)in a small scale trial in the southern part of Guatemala | |
| 260 | _bIRRDB International Rubber Conference 14-17 December 2011 Chiang | ||
| 650 | _aGirth | ||
| 650 | _aGuatemala | ||
| 650 | _aHevea brasiliensis | ||
| 650 | _aLatex physiology | ||
| 650 | _aSmall scale trial | ||
| 650 | _aYield | ||
| 700 | _aAnleu J | ||
| 700 | _aChapuset T | ||
| 700 | _aLacote R | ||
| 700 | _aNajera C | ||
| 700 | _aRivano F | ||
| 942 | _cJS | ||
| 999 |
_c59006 _d59006 |
||